000 00615nam a2200229Ia 4500
003 OSt
005 20220928102543.0
006 a|||||r|||| 00| 0
007 ta
008 220927b |||||||| |||| 00| 0 eng d
024 _a44641
037 _cTextual
040 _aSDCL
_cSDCL
_beng
041 _2eng
_aeng
082 _aO152,1J44:g, M3
100 _aDave Krishanavallabh
_9398911
245 0 _aSantkavi dadu.
260 _aNew Delhi
_bNational Publishing House
_c1983
300 _a165p.
_ccm.
942 _hO152,1J44:g, M3
_cTEXL
_2CC
999 _c714768
_d714768